Statistiques concernant Animaux du Svalbard

Cliquez ici pour prendre le quiz!

Statistiques générales

  • Ce quiz a été pris 14 fois
  • Le résultat moyen est 6 sur 49

Statistiques - réponses

Animaux% Correct
L'Ours Polaire
85%
L'Orque
69%
La Baleine à Bosse
62%
La Baleine Bleue
54%
Le Morse
54%
Le Béluga
46%
Le Renard Arctique
46%
Le Saumon
38%
Le Cachalot
23%
Le Macareux Moine
23%
Le Lagopède Alpin
15%
Le Narval
15%
Le Petit Rorqual
15%
Le Phoque Commun
15%
Le Rorqual Commun
15%
La Baleine du Groenland
8%
La Mouette Ivoire
8%
La Sterne Arctique
8%
Le Bécasseau Violet
8%
Le Goéland Argenté
8%
Le Petit Pingouin
8%
Le Phoque du Groenland
8%
Le Renne du Svalbard
8%
La Baleine Pilote
0%
La Bernache Cravant
0%
La Bernache Nonnette
0%
La Harelde de Miquelon
0%
La Mouette de Sabine
0%
La Mouette Rosée
0%
La Mouette Tridactyle
0%
Le Bécasseau Sanderling
0%
Le Bécasseau Variable
0%
Le Bruant Des Neiges
0%
Le Dauphin à Nez Blanc
0%
Le Goéland Bourgmestre
0%
Le Grand Gravelot
0%
Le Guillemot à Miroir
0%
Le Guillemot de Brünnich
0%
Le Guillemot de Troïl
0%
L'Eider à Duvet
0%
L'Eider à Tête Grise
0%
Le Labbe
0%
Le Mergule Nain
0%
Le Phalarope à Bec Etroit
0%
Le Phalarope à Bec Large
0%
Le Phoque à Capuchon
0%
Le Pluvier Doré
0%
Le Tournepierre à Collier
0%
L'Oie à Bec Court
0%

Distribution des résultats

Percentile par nombre de réponses

% des personnes avec chaque résultat

Votre développement - résultats

Vous n’avez pas pris ce quiz